Central Library OPAC University of Rajshahi

Theoretical physics : (Record no. 52165)

MARC details
000 -LEADER
fixed length control field 00725nam a2200229 a 4500
001 - CONTROL NUMBER
control field 52165
003 - CONTROL NUMBER IDENTIFIER
rucl marc code BD-RjUL
005 - DATE AND TIME OF LATEST TRANSACTION
control field 20211209075749.0
008 - FIXED-LENGTH DATA ELEMENTS--GENERAL INFORMATION
fixed length control field 160906r19621954enka 001 0 eng
035 ## - SYSTEM CONTROL NUMBER
System control number (BD-RjUL)52285
040 ## - CATALOGING SOURCE
Original cataloging agency DLC
Transcribing agency DLC
Modifying agency DLC
Language of cataloging eng
041 ## - LANGUAGE CODE
Language code of text/sound track or separate title eng
082 ## - DEWEY DECIMAL CLASSIFICATION NUMBER
Edition number 23
Classification number 531
Author mark and year LAP 1981
100 1# - MAIN ENTRY--PERSONAL NAME
Personal name Constant, F Woodbridge
9 (RLIN) 118703
245 10 - TITLE STATEMENT
Title Theoretical physics :
Remainder of title mechanics of particles, rigid and elastic bodies, fluids, and heat flow. /
Statement of responsibility, etc. F Woodbridge Constant
260 ## - PUBLICATION, DISTRIBUTION, ETC. (IMPRINT)
Place of publication, distribution, etc. London :
Name of publisher, distributor, etc. Addison-Wesley Pub. Co.,
Date of publication, distribution, etc. c1954, [Printing 1962]
300 ## - PHYSICAL DESCRIPTION
Pagination xiv, 281 p. ;
Size 23 cm.
500 ## - GENERAL NOTE
General note Includes index
650 ## - SUBJECT ADDED ENTRY--TOPICAL TERM
Topical term or geographic name as entry element Mechanics
9 (RLIN) 156495
Topical term or geographic name as entry element Vector analysis.
9 (RLIN) 156496
942 ## - ADDED ENTRY ELEMENTS (KOHA)
Source of classification or shelving scheme Dewey Decimal Classification
Koha item type Books
Holdings
Lost status Source of classification or shelving scheme Damaged status Not for loan Collection code Permanent Location Current Location Shelving location Date acquired Source of acquisition Total Checkouts Full call number Date last seen Copy number Koha item type Cost, normal purchase price
  Dewey Decimal Classification     Non-fiction Central Library, University of Rajshahi Central Library, University of Rajshahi   22/10/1973 U.S. Govt.   531 CON 1962 08/09/2016 C-2 Books  
  Dewey Decimal Classification     Non-fiction Central Library, University of Rajshahi Central Library, University of Rajshahi   22/10/1973 U.S. Govt.   531 COT 1962 08/09/2016 C-3 Books  
  Dewey Decimal Classification     Non-fiction Central Library, University of Rajshahi Central Library, University of Rajshahi   11/02/1963 Zeitlinger   531 COT 1957 08/09/2016 C-4 Books 66.00
  Dewey Decimal Classification     Non-fiction Central Library, University of Rajshahi Central Library, University of Rajshahi   22/10/1973 U.S. Govt.   531 LAP 1962 18/09/2016 C-5 Books  
  Dewey Decimal Classification     Non-fiction Central Library, University of Rajshahi Central Library, University of Rajshahi   22/10/1973 U.S. Govt.   531 LAP 1962 18/09/2016 C-6 Books  
  Dewey Decimal Classification     Non-fiction Central Library, University of Rajshahi Central Library, University of Rajshahi   11/02/1963 Zeitlinger   531 LAP 1981 19/09/2016 C-7 Books 66.00